[Event "FRA-chT2 1011"]
[Site "France"]
[Date "2010.10.17"]
[Round "1.3"]
[White "Henry, Lionel"]
[Black "Duverlie, Vincent"]
[Result "1/2-1/2"]
[WhiteElo "2051"]
[BlackElo "2100"]
[PlyCount "130"]
[EventDate "2010.10.17"]
[EventType "team-tourn"]
[EventRounds "11"]
[EventCountry "FRA"]
[SourceTitle "EXT 2012"]
[Source "ChessBase"]
[SourceDate "2011.11.24"]
[SourceVersion "1"]
[SourceVersionDate "2011.11.24"]
[SourceQuality "1"]

1. e4 c6 2. d4 d5 3. exd5 cxd5 4. c4 Nf6 5. Nc3 g6 6. Nf3 Bg7 7. Be2 0-0 8. 0-0 Nbd7 9. Be3 dxc4 10. Bxc4 Nb6 11. Bb3 Nfd5 12. Qd2 Bg4 13. Ne5 Be6 14. Bh6 Nxc3 15. Bxg7 Kxg7 16. Bxe6 Nb5 17. Bh3 Qxd4 18. Qxd4 Nxd4 19. Rfd1 Rfd8 20. Kf1 Rd5 21. f4 Rad8 22. Rac1 f6 23. Nc4 Nxc4 24. Rxc4 f5 25. g3 Ne6 26. Rxd5 Rxd5 27. Ke2 Kf6 28. Bg2 Rd7 29. Ke3 b6 30. Bf3 h6 31. Rc6 Rc7 32. Rxc7 Nxc7 33. Kd4 e6 34. Bc6 a5 35. h4 Na6 36. a3 Ke7 37. Kc4 Nc7 38. Kd4 Kd6 39. Bb7 Nb5+ 40. Kc4 Nc7 41. Kd4 Nd5 42. Ba6 Nf6 43. Bb5 Nh5 44. Be8 Nxg3 45. Bxg6 Ne4 46. Kc4 Nf6 47. Kb5 Nd5 48. Bf7 a4 49. Kxa4 Nxf4 50. Kb5 Nd5 51. a4 f4 52. Kc4 Ne3+ 53. Kd3 Nf5 54. Ke4 Nxh4 55. Kxf4 Nf5 56. b4 Ne7 57. a5 Nd5+ 58. Ke4 b5 59. a6 Kc7 60. Bxe6 Nxb4 61. a7 Kb7 62. a8Q+ Kxa8 63. Bd7 Na2 64. Bxb5 Nc3+ 65. Kf5 Nxb5 1/2-1/2